Normal view
MARC view
Entry Personal Name
001 - CONTROL NUMBER
- control field: 5110
003 - CONTROL NUMBER IDENTIFIER
- control field: OSt
005 - DATE AND TIME OF LATEST TRANSACTION
- control field: 20150601150942.0
008 - FIXED-LENGTH DATA ELEMENTS
- fixed length control field: 150601|| aca||aabn | a|a d
040 ## - CATALOGING SOURCE
- Original cataloging agency: OSt
- Transcribing agency: OSt
100 ## - HEADING--PERSONAL NAME
- Personal name: Ad hoc
670 ## - SOURCE DATA FOUND
- Source citation: Work cat.: (OSt): Ad hoc, Ethical principles in the conduct of research with Human Participants /, 1973
